000 00479nam a2200193Ia 4500
003 LK-CoDNM
008 010623t1989 xxu||||| |||| 00| 1 sin d
040 _aLK-CoDNM
_dLK-CoDNM
_eLK-CoDNM
041 _asin
080 _a781
_bARI
100 _aAriyaratne, Sunil
245 _aසිංදු විස්තරය
246 _aSindu vistharaya
260 _bS.Godage
_aColombo
_c1989
300 _b208, 21.5 cm
650 _aLiterature
650 _aMusic
942 _cBK
999 _c114486
_d114486